| 000 | 00565nam a22002057a 4500 | ||
|---|---|---|---|
| 003 | OSt | ||
| 005 | 20140507092628.0 | ||
| 008 | 140507b xxu||||| |||| 00| 0 eng d | ||
| 020 | _a9781412974912 | ||
| 050 |
_aHF 5823 _b.Al758 2010 |
||
| 100 | _aAltstiel, Tom. | ||
| 245 |
_aAdvertising creative strategy, copy + design / _cTom Altstiel. |
||
| 250 | _a2nd ed. | ||
| 260 |
_aLos Angeles : _bSage Publications, _cc2010. |
||
| 300 |
_axx, 347 p. : _bcol. ill. ; _c28 cm. |
||
| 521 | _aMC | ||
| 650 | _aAdvertising. | ||
| 942 |
_2lcc _cBK |
||
| 999 |
_c115822 _d115822 |
||